Riadenie údajov a informácií v slovenských podnikoch

Prístup slovenských podnikov k riadeniu údajov a informácií uložených vo vlastných podnikových informačných systémoch z hľadiska typu údajov, ich bezpečnosti a kvality - výsledky dotazníkového prieskumu z obdobia 10/2016-01/2017.

Enregistré dans:
Détails bibliographiques
Auteur principal: Hamranová, Anna, 1957-
Autres auteurs: Beláňová, Benita, 1973-
Format: Chapitre de livre
Langue:slovaque
Sujets:
Tags: Ajouter un tag
Pas de tags, Soyez le premier à ajouter un tag!

MARC

LEADER 00000nla a2200000 4500
001 0241114
005 20240502083647.0
041 0 |a slo 
044 |a CZ 
245 1 0 |a Riadenie údajov a informácií v slovenských podnikoch  |c Anna Hamranová, Benita Beláňová 
520 |a Prístup slovenských podnikov k riadeniu údajov a informácií uložených vo vlastných podnikových informačných systémoch z hľadiska typu údajov, ich bezpečnosti a kvality - výsledky dotazníkového prieskumu z obdobia 10/2016-01/2017. 
610 2 0 |a podnik 
610 2 0 |a manažment informačný 
610 2 0 |a informácie 
610 2 0 |a systémy informačné 
610 2 0 |a bezpečnosť 
610 2 0 |a kvalita 
610 2 0 |a metódy štatistické 
610 2 0 |a Slovensko 
610 2 0 |a prieskum 
100 1 |a Hamranová, Anna, 1957- 
700 1 |a Beláňová, Benita, 1973-